[Event "Outaouais-ch"]
[Site "Gatineau CAN"]
[Date "2018.05.08"]
[Round "5"]
[White "Gagnon, Fabien"]
[Black "Bilodeau, Victor"]
[Result "1-0"]
[WhiteElo "1840"]
[BlackElo "1729"]
[PlyCount "43"]
[EventDate "2018.04.03"]
[EventType "tourn"]
[EventRounds "7"]
[EventCountry "CAN"]

1. e4 e5 2. Nf3 Nf6 3. Nxe5 d6 4. Nf3 Nxe4 5. Nc3 d5 6. Qe2 Be7 7. Nxe4 dxe4 8.
Qxe4 O-O 9. Bc4 Re8 10. O-O Bd6 11. Qh4 Be7 12. Qf4 Bf6 13. d4 Nc6 14. c3 Ne7
15. Re1 c6 16. Bd2 b5 17. Bb3 a5 18. Ne5 Bxe5 19. Qxf7+ Kh8 20. Rxe5 a4 21. Bc2
Bd7 22. Bg5 1-0

[Event "Outaouais-ch"]
[Site "Gatineau CAN"]
[Date "2018.05.08"]
[Round "5"]
[White "Guimond, Michel"]
[Black "Solunac, Stephen"]
[Result "0-1"]
[WhiteElo "1921"]
[BlackElo "1741"]
[PlyCount "96"]
[EventDate "2018.04.03"]
[EventType "tourn"]
[EventRounds "7"]
[EventCountry "CAN"]

1. e4 c5 2. Nf3 Nc6 3. d4 cxd4 4. Nxd4 g6 5. Be3 Bg7 6. f4 Nf6 7. Nd2 O-O 8.
Be2 d5 9. e5 Ne8 10. c3 f6 11. Bb5 fxe5 12. Nxc6 bxc6 13. Bxc6 exf4 14. Bf2 Rb8
15. Nb3 Be6 16. Qe2 Qd6 17. Nc5 Qxc6 18. Qxe6+ Qxe6+ 19. Nxe6 Rf5 20. Nxg7 Re5+
21. Kf1 Nxg7 22. b3 a5 23. Bd4 Re4 24. Kf2 e5 25. Ba7 Rb7 26. Bc5 Ne6 27. Ba3
Rc7 28. Rac1 Re3 29. Rhe1 Rxe1 30. Kxe1 Nc5 31. Ke2 Ne4 32. Kd3 Kf7 33. Rc2 Ke6
34. b4 axb4 35. cxb4 Rxc2 36. Kxc2 Nd6 37. Bb2 d4 38. a4 Kd5 39. b5 Nc4 40. Bc1
g5 41. Bd2 e4 42. Bb4 e3 43. a5 g4 44. b6 Kc6 45. Bc5 f3 46. gxf3 gxf3 47. a6
Nxb6 48. a7 Kxc5 0-1

[Event "Outaouais-ch"]
[Site "Gatineau CAN"]
[Date "2018.05.08"]
[Round "5"]
[White "Jobin, Gilles G"]
[Black "Desjardins, Michel"]
[Result "0-1"]
[WhiteElo "1840"]
[BlackElo "1931"]
[PlyCount "94"]
[EventDate "2018.04.03"]
[EventType "tourn"]
[EventRounds "7"]
[EventCountry "CAN"]

1. e4 b6 2. d4 Bb7 3. Nc3 e6 4. Nf3 Bb4 5. Bd3 Nf6 6. Qe2 d5 7. e5 Ne4 8. Bxe4
dxe4 9. Ng5 Qxd4 10. Bd2 Qxe5 11. Ngxe4 Bxe4 12. f3 Nd7 13. fxe4 O-O 14. a3 Bd6
15. O-O-O Nf6 16. g3 Qh5 17. Rhe1 Qxe2 18. Rxe2 Be5 19. Bf4 Bxc3 20. bxc3 c5
21. c4 Rfd8 22. Bd6 Rd7 23. e5 Ne8 24. Red2 Rad8 25. Be7 Rxd2 26. Bxd8 Rxd1+
27. Kxd1 f6 28. Kd2 fxe5 29. Kd3 Nd6 30. a4 Kf7 31. a5 e4+ 32. Kc3 bxa5 33. Bg5
Ke8 34. Be3 Nb7 35. g4 Kd7 36. h4 g6 37. Bf4 Nd6 38. Kb3 Kc6 39. Bc1 a4+ 40.
Kc3 h5 41. gxh5 gxh5 42. Bg5 Nf5 43. Bf6 Kd6 44. Kb2 e5 45. Ka3 e3 46. Bg5 e2
47. Bd2 Nxh4 0-1

[Event "Outaouais-ch"]
[Site "Gatineau CAN"]
[Date "2018.05.15"]
[Round "6"]
[White "Bilodeau, Victor"]
[Black "Guimond, Michel"]
[Result "0-1"]
[WhiteElo "1729"]
[BlackElo "1921"]
[PlyCount "62"]
[EventDate "2018.04.03"]
[EventType "tourn"]
[EventRounds "7"]
[EventCountry "CAN"]

1. d4 g6 2. c3 Bg7 3. Nf3 d6 4. Bf4 Nf6 5. Nbd2 Nh5 6. Be3 e5 7. dxe5 dxe5 8.
Qb3 Be6 9. Qxb7 Bd5 10. Qb4 Nd7 11. Qa4 O-O 12. Nc4 Nb6 13. Nxb6 axb6 14. Qb5
Ra5 15. Qd3 e4 16. Qc2 exf3 17. exf3 Bxa2 18. Rd1 Qe7 19. Be2 Qe6 20. Qd3 Bb3
21. Rc1 Rd5 22. Qb1 f5 23. f4 Re8 24. Bxh5 gxh5 25. O-O Bc4 26. Rfe1 Qg6 27. g3
c5 28. Qc2 Qg4 29. Kg2 Bd3 30. Qb3 Be4+ 31. Kf1 Qf3 0-1

[Event "Outaouais-ch"]
[Site "Gatineau CAN"]
[Date "2018.05.15"]
[Round "6"]
[White "Desjardins, Michel"]
[Black "Solunac, Sasha"]
[Result "1/2-1/2"]
[WhiteElo "1931"]
[BlackElo "1877"]
[PlyCount "49"]
[EventDate "2018.04.03"]
[EventType "tourn"]
[EventRounds "7"]
[EventCountry "CAN"]

1. e4 e6 2. d4 d5 3. Nd2 dxe4 4. Nxe4 Nf6 5. Bd3 Nxe4 6. Bxe4 c5 7. Nf3 cxd4 8.
Qxd4 Qxd4 9. Nxd4 Bc5 10. Nb5 Na6 11. O-O O-O 12. Rd1 e5 13. Bg5 h6 14. Be3
Bxe3 15. fxe3 Nc5 16. Bd5 Bg4 17. Rf1 Be2 18. Nc7 Rac8 19. Rf2 Rxc7 20. Rxe2
Nd7 21. e4 Nf6 22. Rd1 Rfc8 23. c4 Kf8 24. b3 Ke7 25. Red2 1/2-1/2

[Event "Outaouais-ch"]
[Site "Gatineau CAN"]
[Date "2018.05.15"]
[Round "6"]
[White "Jobin, Gilles G"]
[Black "Gagnon, Fabien"]
[Result "1-0"]
[WhiteElo "1840"]
[BlackElo "1840"]
[PlyCount "77"]
[EventDate "2018.04.03"]
[EventType "tourn"]
[EventRounds "7"]
[EventCountry "CAN"]

1. g3 Nf6 2. Bg2 d5 3. d3 e5 4. Nc3 Be7 5. Bd2 c5 6. Nh3 d4 7. Nb1 Nc6 8. e4 h5
9. Qc1 h4 10. Bg5 Ng4 11. Bxe7 Qxe7 12. Nd2 Be6 13. Nf3 hxg3 14. hxg3 O-O-O 15.
Nfg5 Bd7 16. Qd2 Rh6 17. O-O-O Rdh8 18. Nf3 Ne3 19. fxe3 Bxh3 20. Bxh3+ Rxh3
21. Rxh3 Rxh3 22. Qg2 Rh6 23. exd4 Nxd4 24. c3 Nxf3 25. Qxf3 Qg5+ 26. Kb1 Rf6
27. Qg2 Qg4 28. Rh1 Rf3 29. Qg1 b6 30. Rh8+ Kc7 31. Rf8 f6 32. Rf7+ Kc6 33. Qd1
Rxg3 34. Qa4+ Kd6 35. b4 c4 36. b5 Qc8 37. Qxa7 Qd8 38. Rb7 Kc5 39. Rc7+ 1-0

[Event "Outaouais-ch"]
[Site "Gatineau CAN"]
[Date "2018.05.15"]
[Round "6"]
[White "Solunac, Stephen"]
[Black "Bastien, Andre"]
[Result "1/2-1/2"]
[WhiteElo "1741"]
[BlackElo "1908"]
[PlyCount "46"]
[EventDate "2018.04.03"]
[EventType "tourn"]
[EventRounds "7"]
[EventCountry "CAN"]

1. c4 Nf6 2. Nc3 e6 3. e4 d5 4. e5 d4 5. exf6 dxc3 6. bxc3 Qxf6 7. d4 c5 8. Nf3
Nc6 9. Bg5 Qg6 10. Bd3 Qh5 11. d5 Ne5 12. Nxe5 Qxg5 13. Qa4+ Ke7 14. d6+ Kf6
15. f4 Qxg2 16. Qe8 Qxh1+ 17. Kd2 Qxh2+ 18. Ke3 Qg3+ 19. Ke4 Qg2+ 20. Ke3 Qg3+
21. Ke4 Qg2+ 22. Ke3 Qg3+ 23. Ke4 Qg2+ 1/2-1/2

[Event "Outaouais-ch"]
[Site "Gatineau CAN"]
[Date "2018.05.22"]
[Round "7"]
[White "Bilodeau, Victor"]
[Black "Desjardins, Michel"]
[Result "0-1"]
[WhiteElo "1729"]
[BlackElo "1931"]
[PlyCount "62"]
[EventDate "2018.04.03"]
[EventType "tourn"]
[EventRounds "7"]
[EventCountry "CAN"]

1. e4 d5 2. e5 c5 3. f4 Nh6 4. c3 Bf5 5. Nf3 e6 6. Bb5+ Nc6 7. O-O Qb6 8. Bxc6+
bxc6 9. d3 Be7 10. h3 O-O 11. Kh2 Qa6 12. Ne1 c4 13. d4 Bxb1 14. Rxb1 Qxa2 15.
Qc2 Nf5 16. Nf3 g6 17. g4 Ng7 18. Ng5 Rfb8 19. f5 exf5 20. gxf5 Bxg5 21. Bxg5
Rb7 22. Bh6 Rab8 23. Bc1 a5 24. Rf2 a4 25. fxg6 fxg6 26. Kg1 a3 27. b4 cxb3 28.
Qxa2 bxa2 29. Rxb7 Rxb7 30. Rxa2 Rb1 31. Rc2 a2 0-1

[Event "Outaouais-ch"]
[Site "Gatineau CAN"]
[Date "2018.05.22"]
[Round "7"]
[White "Guimond, Michel"]
[Black "Bastien, Andre"]
[Result "0-1"]
[WhiteElo "1921"]
[BlackElo "1908"]
[PlyCount "112"]
[EventDate "2018.04.03"]
[EventType "tourn"]
[EventRounds "7"]
[EventCountry "CAN"]

1. e4 c5 2. Nf3 e6 3. d4 cxd4 4. Nxd4 Nf6 5. Nc3 d6 6. Bc4 a6 7. a4 Qc7 8. Bb3
Be7 9. f4 Nc6 10. Be3 O-O 11. O-O Bd7 12. h3 Nxd4 13. Qxd4 Bc6 14. f5 e5 15.
Qd3 Rac8 16. Rac1 b5 17. axb5 axb5 18. Nd5 Bxd5 19. Bxd5 Nxd5 20. Qxd5 Qc4 21.
Rfd1 Qe2 22. Qd3 Qh5 23. Rf1 Qh4 24. Rf3 Rc4 25. g4 h5 26. Bf2 Qg5 27. Be3 Qh4
28. Bf2 Qg5 29. Re1 Rfc8 30. c3 b4 31. Be3 Qh4 32. Bf2 Qg5 33. f6 Bxf6 34. Rf5
Qg6 35. Rxh5 Bg5 36. cxb4 Rxb4 37. Re2 Bf4 38. Rc2 Rd8 39. Bh4 Rd4 40. Qf3 Rb8
41. Qc3 Qe6 42. Qc7 Re8 43. Rf5 Rxe4 44. Qb7 Rc4 45. Re2 f6 46. b3 Rd4 47. Rc2
Rd1+ 48. Kf2 Rd2+ 49. Rxd2 Bxd2 50. Qb5 Bf4 51. Bg3 Bxg3+ 52. Kxg3 Rc8 53. Qd3
d5 54. Qb5 Qc6 55. Qf1 Rb8 56. Rh5 Rxb3+ 0-1

[Event "Outaouais-ch"]
[Site "Gatineau CAN"]
[Date "2018.05.22"]
[Round "7"]
[White "Jobin, Gilles G"]
[Black "Solunac, Stephen"]
[Result "1/2-1/2"]
[WhiteElo "1840"]
[BlackElo "1741"]
[PlyCount "38"]
[EventDate "2018.04.03"]
[EventType "tourn"]
[EventRounds "7"]
[EventCountry "CAN"]

1. Nc3 f5 2. g3 Nf6 3. Bg2 e5 4. e4 Bc5 5. exf5 d5 6. g4 d4 7. Ne4 Nxe4 8. Bxe4
Nd7 9. Qf3 c6 10. d3 Nf6 11. Bxc6+ bxc6 12. Qxc6+ Bd7 13. Qxc5 Nxg4 14. Nf3 Rc8
15. Qd5 Rxc2 16. Bg5 Qc7 17. O-O h6 18. Bh4 Rc5 19. Qa8+ Qc8 1/2-1/2

[Event "Outaouais-ch Reserves"]
[Site "Gatineau CAN"]
[Date "2018.04.03"]
[Round "1"]
[White "Berthiaume, Serge"]
[Black "Chen, Daniel"]
[Result "1-0"]
[WhiteElo "1466"]
[BlackElo "996"]
[PlyCount "65"]
[EventDate "2018.04.03"]
[EventType "swiss"]
[EventRounds "7"]
[EventCountry "CAN"]

1. e4 Nf6 2. Nc3 c5 3. e5 Ng4 4. Qxg4 d6 5. Qg3 Nc6 6. Bb5 Qa5 7. exd6 exd6 8.
Nge2 a6 9. Bxc6+ bxc6 10. O-O h5 11. b3 h4 12. Qg5 h3 13. g3 c4 14. Qxa5 cxb3
15. cxb3 Bb7 16. Re1 Kd7 17. Nf4 c5 18. Ncd5 Rc8 19. Bb2 Rh7 20. Nb6+ Kd8 21.
Nxc8+ Kxc8 22. Re8+ Kd7 23. Rae1 g5 24. Qd8+ Kc6 25. Qxg5 Rg7 26. Bxg7 Bxg7 27.
Qxg7 a5 28. Qg5 f6 29. Qd5+ Kb5 30. Rb8 a4 31. Rxb7+ Ka5 32. Qc4 d5 33. Qb5#
1-0

[Event "Outaouais-ch Reserves"]
[Site "Gatineau CAN"]
[Date "2018.04.03"]
[Round "1"]
[White "Celac, Ekaterina"]
[Black "Lemieux, Richard"]
[Result "0-1"]
[WhiteElo "1251"]
[BlackElo "1660"]
[PlyCount "64"]
[EventDate "2018.04.03"]
[EventType "swiss"]
[EventRounds "7"]
[EventCountry "CAN"]

1. e4 c6 2. Nc3 d5 3. d3 d4 4. Nce2 e5 5. f4 Bd6 6. Nf3 Bg4 7. h3 Bxf3 8. gxf3
Qh4+ 9. Kd2 Qf2 10. c3 Nf6 11. Qe1 Qxf3 12. Rh2 dxc3+ 13. bxc3 exf4 14. Kc2 Qh5
15. Bxf4 Bxf4 16. Nxf4 Qe5 17. Rf2 O-O 18. d4 Qxe4+ 19. Qxe4 Nxe4 20. Rg2 Nd7
21. Re1 Ndf6 22. Bd3 Rfe8 23. Reg1 g6 24. Re2 Kf8 25. Rb1 Nd6 26. Rbe1 Rxe2+
27. Rxe2 Re8 28. Rxe8+ Kxe8 29. c4 g5 30. c5 Nde4 31. Bxe4 Nxe4 32. Nh5 Ke7 0-1

[Event "Outaouais-ch Reserves"]
[Site "Gatineau CAN"]
[Date "2018.04.03"]
[Round "1"]
[White "Celac, Natalia"]
[Black "Dupont-Mageau, Nicolas"]
[Result "0-1"]
[WhiteElo "983"]
[BlackElo "1416"]
[PlyCount "26"]
[EventDate "2018.04.03"]
[EventType "swiss"]
[EventRounds "7"]
[EventCountry "CAN"]

1. Nf3 d5 2. d4 Nf6 3. e3 Bf5 4. Be2 e6 5. O-O c5 6. dxc5 Bxc5 7. Bb5+ Nc6 8.
Nc3 Qd6 9. Bd2 Bb6 10. Qe2 Bg4 11. Rae1 Bc7 12. e4 Bxf3 13. Qxf3 Qxh2# 0-1

[Event "Outaouais-ch Reserves"]
[Site "Gatineau CAN"]
[Date "2018.04.03"]
[Round "1"]
[White "Danilov, Alex"]
[Black "Raymond, Robert"]
[Result "1-0"]
[WhiteElo "1667"]
[BlackElo "1292"]
[PlyCount "83"]
[EventDate "2018.04.03"]
[EventType "swiss"]
[EventRounds "7"]
[EventCountry "CAN"]

1. Nf3 Nf6 2. c4 g6 3. Nc3 Bg7 4. e3 O-O 5. Qc2 e6 6. b3 d6 7. Bb2 Nbd7 8. Be2
b6 9. O-O Bb7 10. Rad1 Rb8 11. d4 c5 12. Nb5 d5 13. Nxa7 Ra8 14. Nb5 Bc6 15. a4
Bxb5 16. axb5 Qe7 17. Ra1 Rfd8 18. Ra6 Rxa6 19. bxa6 Ra8 20. Ra1 Ra7 21. Nd2
Nb8 22. dxc5 Qxc5 23. Bd4 Qc6 24. Qb2 Nbd7 25. f4 e5 26. cxd5 Nxd5 27. Rc1 Qa8
28. Bc3 Nxc3 29. Qxc3 Qd8 30. Ne4 Nf6 31. Qc8 Ra8 32. Nxf6+ Bxf6 33. Qb7 Rb8
34. Qc6 Kg7 35. Bf3 Qe8 36. a7 Qxc6 37. Bxc6 Rd8 38. a8=Q Rxa8 39. Bxa8 Be7 40.
b4 Bc5 41. Rxc5 bxc5 42. bxc5 1-0

[Event "Outaouais-ch Reserves"]
[Site "Gatineau CAN"]
[Date "2018.04.03"]
[Round "1"]
[White "Labrie, Dany"]
[Black "Lavergne, Daniel"]
[Result "1-0"]
[WhiteElo "1298"]
[BlackElo "1695"]
[PlyCount "27"]
[EventDate "2018.04.03"]
[EventType "swiss"]
[EventRounds "7"]
[EventCountry "CAN"]

1. e4 c5 2. d4 cxd4 3. f4 Nc6 4. Nf3 d5 5. Bd3 Nf6 6. Nbd2 e6 7. Qe2 Bc5 8. O-O
O-O 9. e5 Ng4 10. Ng5 Ne3 11. Bxh7+ Kh8 12. Qh5 g6 13. Bxg6+ Kg8 14. Qh7# 1-0

[Event "Outaouais-ch Reserves"]
[Site "Gatineau CAN"]
[Date "2018.04.03"]
[Round "1"]
[White "Legare, Gilles"]
[Black "Seguin, Hubert"]
[Result "0-1"]
[WhiteElo "1046"]
[BlackElo "1544"]
[PlyCount "60"]
[EventDate "2018.04.03"]
[EventType "swiss"]
[EventRounds "7"]
[EventCountry "CAN"]

1. e4 c5 2. c3 g6 3. Nf3 Bg7 4. Be2 d6 5. d3 Nc6 6. Be3 Nf6 7. Nbd2 O-O 8. O-O
b5 9. a3 a5 10. Re1 Bd7 11. Qc1 b4 12. a4 bxc3 13. bxc3 Rb8 14. Nf1 Qc7 15. Bh6
Rb6 16. Bg5 Rfb8 17. Qf4 Nh5 18. Qe3 Bxc3 19. N3d2 Bd4 20. Qf3 Ne5 21. Qxh5
gxh5 22. Bxh5 Bxa1 23. Re3 Ng6 24. Rg3 Bf6 25. Bh6 Rb2 26. Nf3 c4 27. Bg5 cxd3
28. Bxf6 exf6 29. Nh4 Qc5 30. Nf5 Qxf2+ 0-1

[Event "Outaouais-ch Reserves"]
[Site "Gatineau CAN"]
[Date "2018.04.03"]
[Round "1"]
[White "Lepine, Louis"]
[Black "Iyamuremye, Gervais"]
[Result "0-1"]
[WhiteElo "1005"]
[BlackElo "1486"]
[PlyCount "72"]
[EventDate "2018.04.03"]
[EventType "swiss"]
[EventRounds "7"]
[EventCountry "CAN"]

1. d4 Nf6 2. Bf4 d5 3. e3 a6 4. Bd3 e6 5. Nc3 c5 6. f3 c4 7. Be2 Bd6 8. Nh3 b5
9. O-O h6 10. b3 Nc6 11. a3 O-O 12. bxc4 bxc4 13. e4 dxe4 14. Nxe4 Nxe4 15.
fxe4 Bxf4 16. Nxf4 Qxd4+ 17. Qxd4 Nxd4 18. c3 Nxe2+ 19. Nxe2 e5 20. Ng3 Be6 21.
Rf3 Rfd8 22. Nh5 Bg4 23. Nf6+ gxf6 24. Rxf6 Kg7 25. Raf1 Be6 26. R1f3 Rd3 27.
Rf2 Rb8 28. g4 Rb3 29. h4 Rg3+ 30. Kh2 Rxg4 31. R6f3 Rxh4+ 32. Kg1 Rxe4 33.
Rg2+ Rg4 34. Rxg4+ Bxg4 35. Rg3 f5 36. Rxg4+ fxg4 0-1

[Event "Outaouais-ch Reserves"]
[Site "Gatineau CAN"]
[Date "2018.04.03"]
[Round "1"]
[White "Masse-Garneau, Anthony"]
[Black "Arcand, Pierre"]
[Result "1-0"]
[WhiteElo "1549"]
[BlackElo "1173"]
[PlyCount "107"]
[EventDate "2018.04.03"]
[EventType "swiss"]
[EventRounds "7"]
[EventCountry "CAN"]

1. d4 d5 2. c4 dxc4 3. e3 Nf6 4. Bxc4 e6 5. Nc3 Be7 6. Nf3 Nc6 7. O-O O-O 8. a3
b6 9. b4 Nd5 10. Bb2 Nxc3 11. Bxc3 Bb7 12. Qb3 Nb8 13. Ne5 Bd5 14. Rac1 b5 15.
Bxd5 exd5 16. Bb2 Nd7 17. Qxd5 Nxe5 18. Qxe5 a6 19. Qxc7 Rc8 20. Qxd8 Rfxd8 21.
Rxc8 Rxc8 22. Rc1 Ra8 23. Kf1 a5 24. bxa5 Rxa5 25. Ke2 f6 26. f3 Bxa3 27. Bxa3
Rxa3 28. Rc8+ Kf7 29. Rb8 Ra2+ 30. Kf1 Ra1+ 31. Kf2 Ra2+ 32. Kg3 Rb2 33. d5 b4
34. Rb7+ Kg6 35. d6 Rd2 36. Rxb4 Rxd6 37. h4 h5 38. Rb2 Re6 39. Kf2 f5 40. f4
Kf6 41. Kf3 g6 42. Rb8 Re7 43. Rb6+ Re6 44. Rxe6+ Kxe6 45. e4 fxe4+ 46. Kxe4
Kf6 47. f5 gxf5+ 48. Kf4 Kg6 49. Ke5 f4 50. Kxf4 Kf6 51. g3 Kg6 52. Ke5 Kh6 53.
Kf5 Kh7 54. Kg5 1-0

[Event "Outaouais-ch Reserves"]
[Site "Gatineau CAN"]
[Date "2018.04.03"]
[Round "1"]
[White "Ramesh, Sanjay"]
[Black "Yuan, Eric"]
[Result "1-0"]
[WhiteElo "1400"]
[BlackElo "961"]
[PlyCount "65"]
[EventDate "2018.04.03"]
[EventType "swiss"]
[EventRounds "7"]
[EventCountry "CAN"]

1. d4 d5 2. c4 dxc4 3. e3 b5 4. a4 c6 5. axb5 cxb5 6. Qf3 Bd7 7. Qxa8 Nc6 8.
Qxd8+ Nxd8 9. Rxa7 Nc6 10. Ra8+ Nd8 11. Bd2 e6 12. Ba5 Be7 13. Bxd8 Bxd8 14.
Nf3 Bc6 15. Ra6 Ne7 16. Be2 O-O 17. O-O Bb7 18. Ra1 Bxf3 19. Bxf3 Nf5 20. Nc3
Nd6 21. Ra8 h6 22. Rb8 Nf5 23. Ra1 Ne7 24. Raa8 Nc6 25. Bxc6 Kh7 26. Rxd8 Rxd8
27. Rxd8 Kg6 28. Rd6 b4 29. Be4+ f5 30. Rxe6+ Kh7 31. Bxf5+ Kg8 32. Bg6 bxc3
33. Re8# 1-0

[Event "Outaouais-ch Reserves"]
[Site "Gatineau CAN"]
[Date "2018.04.03"]
[Round "1"]
[White "Raymond, Daniel"]
[Black "Bourbonnais, Luc"]
[Result "1-0"]
[WhiteElo "1725"]
[BlackElo "1356"]
[PlyCount "75"]
[EventDate "2018.04.03"]
[EventType "swiss"]
[EventRounds "7"]
[EventCountry "CAN"]

1. e4 e5 2. Nf3 Nc6 3. Bb5 a6 4. Ba4 Nf6 5. O-O Be7 6. Re1 b5 7. Bb3 O-O 8. a4
Bb7 9. Qe2 b4 10. d3 a5 11. Nbd2 Bc5 12. h3 Nd4 13. Nxd4 Bxd4 14. Nf3 d5 15.
Nxd4 exd4 16. e5 Re8 17. Bg5 Re6 18. Qf3 h6 19. Bxf6 gxf6 20. Qg4+ Kh7 21. Qxd4
fxe5 22. Rxe5 Qf6 23. f4 Rxe5 24. fxe5 Qe6 25. Rf1 Rg8 26. Rf3 Rg7 27. Qf4 Qg6
28. Qf5 d4 29. Qxg6+ Kxg6 30. Rf6+ Kh5 31. g4+ Kg5 32. Rxf7 Kg6 33. Rxg7+ Kxg7
34. Kf2 Bc6 35. Kg3 Kg6 36. Kf4 Be8 37. h4 h5 38. g5 1-0

[Event "Outaouais-ch Reserves"]
[Site "Gatineau CAN"]
[Date "2018.04.03"]
[Round "1"]
[White "Renaud, Alexandre"]
[Black "Pearce, Thomas"]
[Result "0-1"]
[WhiteElo "1218"]
[BlackElo "1558"]
[PlyCount "58"]
[EventDate "2018.04.03"]
[EventType "swiss"]
[EventRounds "7"]
[EventCountry "CAN"]

1. d4 d5 2. c4 dxc4 3. e4 Nf6 4. Nc3 e6 5. Bxc4 Bb4 6. Qa4+ Nc6 7. Bb5 Bxc3+ 8.
bxc3 O-O 9. Bxc6 bxc6 10. Qxc6 Bd7 11. Qc4 Nxe4 12. Nf3 Rb8 13. Ba3 Bb5 14. Qb3
Re8 15. Qc2 Qd5 16. Rc1 Bc4 17. Ra1 Ng5 18. Nxg5 Qxg5 19. g3 Qd5 20. Rg1 e5 21.
Kd1 exd4 22. Qd2 Qf3+ 23. Kc2 d3+ 24. Kc1 Re2 25. Rb1 Rxb1+ 26. Kxb1 Rxd2 27.
Re1 Qb7+ 28. Bb4 Re2 29. Rd1 Qe4 0-1

[Event "Outaouais-ch Reserves"]
[Site "Gatineau CAN"]
[Date "2018.04.03"]
[Round "1"]
[White "Rioux, Jocelyn"]
[Black "Traversy, Pierre"]
[Result "1-0"]
[WhiteElo "1617"]
[BlackElo "1226"]
[PlyCount "115"]
[EventDate "2018.04.03"]
[EventType "swiss"]
[EventRounds "7"]
[EventCountry "CAN"]

1. e4 e5 2. Nf3 Nc6 3. Bc4 d6 4. O-O Nf6 5. Re1 Bg4 6. h3 Bxf3 7. Qxf3 Nd4 8.
Qd1 b5 9. c3 bxc4 10. cxd4 g6 11. dxe5 dxe5 12. Qa4+ Qd7 13. Qxc4 Bg7 14. Qc5
Qd6 15. Qb5+ Nd7 16. Nc3 c6 17. Qa6 Qc7 18. d3 O-O 19. Be3 Nb8 20. Qc4 Rc8 21.
Rac1 Bf8 22. Nd5 Qb7 23. Rc2 Kg7 24. Rec1 Nd7 25. Nc3 Rc7 26. Nd5 Rcc8 27. Nc3
Rc7 28. Nb5 Rcc8 29. Nxa7 Rxa7 30. Bxa7 Qxa7 31. b3 c5 32. b4 Rc7 33. b5 Nb6
34. Qb3 Qb7 35. a4 Qa7 36. Ra1 Qa5 37. h4 Rb7 38. g3 h5 39. f4 exf4 40. gxf4
Rd7 41. Qc3+ Qxc3 42. Rxc3 Ra7 43. a5 Be7 44. Kg2 f6 45. Rcc1 Kf7 46. axb6 Rb7
47. Ra6 Ke6 48. d4 cxd4 49. Rc7 Rb8 50. b7+ Bd6 51. b6 Bxf4 52. Ra8 Bxc7 53.
bxc7 Rxb7 54. c8=Q+ Rd7 55. Qe8+ Kd6 56. Qf8+ Kc7 57. Qc5+ Kb7 58. Ra7+ 1-0

[Event "Outaouais-ch Reserves"]
[Site "Gatineau CAN"]
[Date "2018.04.03"]
[Round "1"]
[White "Sabourin, Yves"]
[Black "Celac, Jasmine"]
[Result "1-0"]
[WhiteElo "1501"]
[BlackElo "1028"]
[PlyCount "37"]
[EventDate "2018.04.03"]
[EventType "swiss"]
[EventRounds "7"]
[EventCountry "CAN"]

1. e4 e5 2. Nf3 a5 3. Bc4 Nf6 4. d3 h5 5. Nxe5 d6 6. Nxf7 Qd7 7. Nxh8 d5 8.
exd5 b6 9. Bg5 Ng4 10. O-O Ra7 11. Re1+ Be7 12. Rxe7+ Qxe7 13. Bxe7 Kxe7 14.
Nc3 Rb7 15. Qf3 Bd7 16. Ng6+ Kd8 17. Qf8+ Be8 18. Qe7+ Kc8 19. Qxe8# 1-0

[Event "Outaouais-ch Reserves"]
[Site "Gatineau CAN"]
[Date "2018.04.10"]
[Round "2"]
[White "Arcand, Pierre"]
[Black "Yuan, Eric"]
[Result "1-0"]
[WhiteElo "1173"]
[BlackElo "961"]
[PlyCount "97"]
[EventDate "2018.04.03"]
[EventType "swiss"]
[EventRounds "7"]
[EventCountry "CAN"]

1. e4 e5 2. Nf3 Nc6 3. Nc3 Nf6 4. d3 h6 5. Be2 Bc5 6. O-O d6 7. h3 Be6 8. Nh2
O-O 9. Bg4 Nd4 10. Bxe6 fxe6 11. Ne2 Nc6 12. b3 a6 13. Bb2 d5 14. exd5 exd5 15.
Ng3 Bd4 16. Bxd4 Nxd4 17. Ne2 Nf5 18. Nf3 e4 19. Nfd4 Nxd4 20. Nxd4 c5 21. Ne6
Qd6 22. Nxf8 Rxf8 23. Re1 exd3 24. Qxd3 Ne4 25. Rxe4 Qf6 26. Re2 Qxa1+ 27. Kh2
Qf6 28. Qxd5+ Kh8 29. Qxb7 Qf4+ 30. g3 Qd6 31. Qe4 Qd7 32. Kg2 Re8 33. Qxe8+
Qxe8 34. Rxe8+ Kh7 35. Ra8 Kg6 36. Rxa6+ Kh7 37. Rc6 Kh8 38. Rxc5 Kh7 39. Rd5
Kg6 40. c4 Kf6 41. c5 Ke6 42. Rd1 Kf6 43. c6 Kg6 44. c7 Kh7 45. c8=Q Kg6 46.
Qe6+ Kh7 47. Qf5+ g6 48. Qf7+ Kh8 49. Rd8# 1-0

[Event "Outaouais-ch Reserves"]
[Site "Gatineau CAN"]
[Date "2018.04.10"]
[Round "2"]
[White "Berthiaume, Serge"]
[Black "Rioux, Jocelyn"]
[Result "0-1"]
[WhiteElo "1466"]
[BlackElo "1617"]
[PlyCount "56"]
[EventDate "2018.04.03"]
[EventType "swiss"]
[EventRounds "7"]
[EventCountry "CAN"]

1. e4 e6 2. d4 d5 3. e5 c5 4. c3 Nc6 5. Be3 Qb6 6. Qc2 cxd4 7. cxd4 Bd7 8. Nf3
Rc8 9. Bd3 Nb4 10. Qb3 Nxd3+ 11. Qxd3 Qxb2 12. O-O Bb5 13. Qb3 Qxb3 14. axb3
Bxf1 15. Kxf1 a6 16. Ke2 Ne7 17. Bd2 Nc6 18. Nc3 Bb4 19. Ra4 Bxc3 20. Bxc3 Nxe5
21. Nxe5 Rxc3 22. Ra3 f6 23. Nd3 Ke7 24. Nc5 e5 25. Na4 Rc2+ 26. Ke3 exd4+ 27.
Kxd4 Kd6 28. b4 Rc4+ 0-1

[Event "Outaouais-ch Reserves"]
[Site "Gatineau CAN"]
[Date "2018.04.10"]
[Round "2"]
[White "Bourbonnais, Luc"]
[Black "Celac, Jasmine"]
[Result "1-0"]
[WhiteElo "1356"]
[BlackElo "1028"]
[PlyCount "41"]
[EventDate "2018.04.03"]
[EventType "swiss"]
[EventRounds "7"]
[EventCountry "CAN"]

1. e4 Nc6 2. Nf3 d6 3. d4 e6 4. Bb5 Bd7 5. d5 exd5 6. exd5 Nb4 7. Bxd7+ Qxd7 8.
Nc3 O-O-O 9. O-O Be7 10. Be3 h5 11. Bxa7 Rh6 12. a3 Na6 13. Be3 Rf6 14. b4 c6
15. Na4 cxd5 16. Nb6+ Kc7 17. Nxd7 Kxd7 18. Qxd5 Nxb4 19. axb4 g6 20. Qb5+ Ke6
21. Ng5# 1-0

[Event "Outaouais-ch Reserves"]
[Site "Gatineau CAN"]
[Date "2018.04.10"]
[Round "2"]
[White "Chen, Daniel"]
[Black "Celac, Ekaterina"]
[Result "0-1"]
[WhiteElo "996"]
[BlackElo "1251"]
[PlyCount "96"]
[EventDate "2018.04.03"]
[EventType "swiss"]
[EventRounds "7"]
[EventCountry "CAN"]

1. d4 d5 2. c4 e6 3. cxd5 exd5 4. Nc3 Be6 5. Nf3 Nf6 6. Bf4 Bd6 7. Qa4+ c6 8.
Ne5 b5 9. Qc2 b4 10. Nd1 Qc8 11. e3 Na6 12. b3 Bf5 13. Qxc6+ Qxc6 14. Nxc6 O-O
15. Bxd6 Rfc8 16. Ne7+ Kh8 17. Nxc8 Rxc8 18. Bxa6 Rc6 19. Bb5 Rxd6 20. Nb2 Bd7
21. Rc1 g6 22. Rc8+ Bxc8 23. Na4 a6 24. Be2 Rc6 25. O-O Rc2 26. Re1 Rxa2 27. g3
Ne4 28. Nb6 Be6 29. f3 Nc3 30. Kf1 a5 31. Rc1 Nxe2 32. Rc7 Bh3+ 33. Ke1 Ng1 34.
Rc8+ Kg7 35. Kd1 Bxc8 36. Nxc8 Nxf3 37. Kc1 a4 38. bxa4 b3 39. Kb1 Nd2+ 40. Kc1
b2+ 41. Kxd2 b1=Q+ 42. Kc3 Rxa4 43. Ne7 Qb4+ 44. Kd3 Qb3+ 45. Ke2 Ra3 46. Nf5+
gxf5 47. Ke1 Ra2 48. Kf1 Qb1# 0-1

[Event "Outaouais-ch Reserves"]
[Site "Gatineau CAN"]
[Date "2018.04.10"]
[Round "2"]
[White "Ethier, Valori"]
[Black "Deng, Joyce"]
[Result "1-0"]
[WhiteElo "1341"]
[BlackElo "1018"]
[PlyCount "61"]
[EventDate "2018.04.03"]
[EventType "swiss"]
[EventRounds "7"]
[EventCountry "CAN"]

1. f4 d5 2. b3 Nc6 3. Nf3 e6 4. Bb2 h6 5. e3 Nf6 6. Bb5 Bd7 7. O-O a6 8. Bxc6
Bxc6 9. Ne5 Bb5 10. d3 Nd7 11. Nd2 f6 12. Qh5+ Ke7 13. Ng6+ Kf7 14. Nxh8+ Kg8
15. Nf7 Qe7 16. Nxh6+ gxh6 17. Rf3 Bg7 18. Rg3 Nb6 19. Qxh6 Kf8 20. Qh7 Be8 21.
Nf3 Nd7 22. Nd4 c6 23. Nxe6+ Kf7 24. Qxg7+ Kxe6 25. Qxe7+ Kxe7 26. a4 f5 27.
Rg7+ Kd8 28. Rf1 Rb8 29. Rf3 Bh5 30. Rh3 Be8 31. Rh8 1-0